[Event "110th ch-GBR 2024"]
[Site "Hull ENG"]
[Date "2024.07.28"]
[Round "2.5"]
[White "Yao, Lan"]
[Black "Ghasi, Ameet K"]
[Result "1/2-1/2"]
[WhiteTitle "WGM"]
[BlackTitle "IM"]
[WhiteElo "2325"]
[BlackElo "2495"]
[WhiteFideId "8610835"]
[BlackFideId "409200"]
[EventDate "2024.07.27"]

1. e4 c5 2. Nf3 e6 3. d4 cxd4 4. Nxd4 Nc6 5. Nc3 a6 6. Be3 Nf6 7. Nxc6 bxc6 8.
e5 Nd5 9. Nxd5 cxd5 10. Bd3 Qc7 11. Qh5 a5 12. O-O g6 13. Qg5 Be7 14. Qg3 h5 15.
Bd4 Ba6 16. Rac1 Qb7 17. Rfd1 Rc8 18. Bxa6 Qxa6 19. Qd3 Qc6 20. c3 O-O 21. Rc2
Rc7 22. f4 Rb8 23. Bf2 Qa4 24. b3 Qxf4 25. Rf1 Qf5 26. Qe2 Qg4 27. Qe1 Qg5 28.
Bd4 d6 29. Rcf2 Rf8 30. Rf3 Rd7 31. Qf2 dxe5 32. Rxf7 exd4 1/2-1/2

[Event "110th ch-GBR 2024"]
[Site "Hull ENG"]
[Date "2024.07.28"]
[Round "2.6"]
[White "Bazakutsa, Svyatoslav"]
[Black "Balaji, Aaravamudhan"]
[Result "1/2-1/2"]
[WhiteTitle "IM"]
[BlackTitle "FM"]
[WhiteElo "2490"]
[BlackElo "2316"]
[WhiteFideId "14198525"]
[BlackFideId "436224"]
[EventDate "2024.07.27"]

1. d4 Nf6 2. c4 g6 3. Nc3 Bg7 4. e4 d6 5. h3 O-O 6. Be3 e5 7. d5 Na6 8. g4 c6 9.
Qd2 Nc5 10. f3 cxd5 11. cxd5 Bd7 12. Nge2 h5 13. b4 Na6 14. a3 Nc7 15. a4 Nh7
16. Rg1 Kh8 17. g5 f6 18. gxf6 Qxf6 19. Bg2 Bxh3 20. Bxh3 Qh4+ 21. Bf2 Qxh3 22.
Rg3 Qd7 23. O-O-O Rf6 24. Be3 Qf7 25. Rdg1 g5 26. Bxg5 Rxf3 27. Be3 Rf1+ 28.
Rxf1 Qxf1+ 29. Kc2 h4 30. Rg4 Bf6 31. Nf4 exf4 32. Rxf4 Qh1 33. Rxf6 Nxf6 34.
Bd4 Ne8 35. Qh6+ Kg8 36. Qg6+ Kf8 37. Bxf6 Nxf6 38. Qxf6+ Kg8 39. Qg6+ Kh8 40.
Qh6+ Kg8 41. Qg6+ Kh8 42. Qh6+ Kg8 43. Qg6+ 1/2-1/2

[Event "110th ch-GBR 2024"]
[Site "Hull ENG"]
[Date "2024.07.28"]
[Round "2.7"]
[White "Mirzoeva, Elmira"]
[Black "Royal, Shreyas"]
[Result "0-1"]
[WhiteTitle "WGM"]
[BlackTitle "IM"]
[WhiteElo "2282"]
[BlackElo "2487"]
[WhiteFideId "4127951"]
[BlackFideId "448869"]
[EventDate "2024.07.27"]

1. d4 Nf6 2. c4 e6 3. Nf3 d5 4. Nc3 Nbd7 5. cxd5 exd5 6. Bg5 Bb4 7. Nd2 c6 8. e3
Nf8 9. Bd3 Ng6 10. O-O O-O 11. f4 Re8 12. f5 Nf8 13. Nf3 h6 14. Bf4 Nh5 15. Be5
Nh7 16. a3 Bf8 17. Rc1 f6 18. Bf4 Nxf4 19. exf4 Bd6 20. Qd2 b6 21. Rce1 Rxe1 22.
Rxe1 Nf8 23. g4 Qc7 24. Ne2 Bb7 25. g5 Re8 26. Kh1 Qf7 27. Rg1 Qh5 28. Rf1 hxg5
29. fxg5 fxg5 30. Qxg5 Qxg5 31. Nxg5 c5 32. Bb5 Re7 33. f6 gxf6 34. Rxf6 Bc7 35.
Ng3 Bxg3 36. hxg3 cxd4 37. Nf3 d3 38. Bxd3 Re3 39. Bf1 Kg7 40. Rf5 Bc8 41. Nd4
Re1 42. Rf2 Bh3 43. Kg1 Ng6 44. Nf3 Rd1 45. Ng5 Bg4 46. Kg2 d4 47. Ne4 Re1 48.
Nd2 Bc8 49. Nf3 Bb7 50. Kh2 Bxf3 51. Rxf3 Ne5 52. Rf5 Ng4+ 53. Kg1 Ne3 54. Rf3
d3 55. Kf2 d2 56. Rxe3 Rxe3 57. Be2 Rd3 58. Bd1 Kf6 59. Ke2 Rxg3 60. Kxd2 Ke5
61. Bc2 Kd4 62. Bf5 Rg5 63. Bh7 Kc4 64. Bc2 Rg1 65. Ke2 Kd4 66. Kd2 Rg2+ 67. Kc1
Ke3 68. Bf5 Rg5 69. Bh7 Rc5+ 70. Kd1 Rd5+ 71. Kc1 Ke2 72. Bg6 Rc5+ 73. Bc2 Ke3
74. Kd1 Rg5 75. Bh7 Rg2 76. Kc1 Ke2 77. Be4 Rg1+ 78. Kc2 Ke3 79. Bf5 Rg2+ 80.
Kc1 Rd2 81. Bg6 Rd5 82. Bh7 Ke2 83. Bg6 Rc5+ 84. Bc2 Rc8 85. Kb1 Kd2 86. Bf5
Rc1+ 87. Ka2 Rf1 88. Bh3 Rh1 89. Bf5 Rf1 90. Bh3 Rg1 91. Bf5 Kc1 92. b4 Rg3 93.
Be4 Kd2 94. Bf5 Kc3 95. Be6 Rg2+ 96. Kb1 Rg5 97. Ka2 Re5 98. Bf7 a5 99. bxa5
Rxa5 100. Be8 b5 101. Bf7 b4 102. Be6 Re5 103. Bg4 b3+ 0-1

[Event "110th ch-GBR 2024"]
[Site "Hull ENG"]
[Date "2024.07.28"]
[Round "2.9"]
[White "Lewis, Andrew P"]
[Black "Gasanov, Eldar"]
[Result "0-1"]
[WhiteTitle "FM"]
[BlackTitle "GM"]
[WhiteElo "2272"]
[BlackElo "2469"]
[WhiteFideId "400955"]
[BlackFideId "14104466"]
[EventDate "2024.07.27"]

1. Nf3 d5 2. c4 d4 3. b4 f6 4. e3 e5 5. c5 a5 6. Qa4+ Bd7 7. b5 Bxc5 8. Bc4 Nh6
9. exd4 exd4 10. O-O Bg4 11. Ba3 Qd6 12. Bxc5 Qxc5 13. Nxd4 Nd7 14. Re1+ Kf8 15.
Ne6+ Bxe6 16. Bxe6 Qd6 17. Bxd7 Qxd7 18. Nc3 Nf5 19. Qe4 Nd6 20. Qd5 Re8 21. b6
cxb6 22. Nb5 Qxb5 23. Qxd6+ Kf7 24. Reb1 Qe5 25. Qxb6 Re7 26. d4 Qd5 27. Rb5
Qxa2 28. Rbb1 Rhe8 29. h3 Qd2 30. Qb3+ Kf8 31. d5 Re1+ 32. Rxe1 Rxe1+ 33. Rxe1
Qxe1+ 34. Kh2 Qe5+ 35. g3 Qc7 36. d6 Qxd6 37. Qxb7 Qc5 38. Kg2 h5 39. h4 Qf5 40.
Kg1 Qe5 41. Qc8+ Kf7 42. Qd7+ Kg6 43. Qd3+ Qf5 44. Qe2 Kh7 45. Qe8 Qd5 46. Qa4
Kh6 47. Qf4+ Kg6 48. Qa4 Kf7 49. Qc2 Qb5 50. Qc7+ Kg6 51. Qc2+ Qf5 52. Qa4 Kh7
53. Qe8 Qe5 54. Qc6 Qe2 55. Qa4 Qe1+ 56. Kg2 f5 57. Qa2 Qe4+ 58. f3 Qe5 59. Qc4
Qb2+ 60. Kg1 Qa1+ 61. Kg2 Qe5 62. Kf2 Qb2+ 63. Kg1 Qa1+ 64. Kg2 a4 65. Qf7 Qe5
66. Qxh5+ Kg8 67. Qg5 Qe2+ 68. Kg1 Qxf3 69. h5 Qg4 70. Qd8+ Kh7 71. h6 Qxg3+ 72.
Kh1 Qh3+ 0-1

[Event "110th ch-GBR 2024"]
[Site "Hull ENG"]
[Date "2024.07.28"]
[Round "2.10"]
[White "Wadsworth, Matthew J"]
[Black "Pein, Malcolm"]
[Result "1-0"]
[WhiteTitle "IM"]
[BlackTitle "IM"]
[WhiteElo "2456"]
[BlackElo "2274"]
[WhiteFideId "415804"]
[BlackFideId "400289"]
[EventDate "2024.07.27"]

1. d4 Nf6 2. c4 c5 3. d5 b5 4. cxb5 a6 5. bxa6 g6 6. Nc3 Bxa6 7. e4 Bxf1 8. Kxf1
d6 9. Nf3 Bg7 10. g3 O-O 11. Kg2 Nbd7 12. a4 Qb6 13. Qc2 Rfb8 14. Nb5 Ne8 15.
Nd2 Nc7 16. Nc4 Qb7 17. Nxc7 Qxc7 18. a5 Qb7 19. Ra3 Ra7 20. Bd2 f5 21. Bg5 Ne5
22. Nb6 Nd7 23. Bxe7 Nxb6 24. Bxd6 Re8 25. axb6 Rxa3 26. bxa3 fxe4 27. Qxc5 Qf7
28. Re1 Qf3+ 29. Kg1 e3 30. fxe3 Bf8 31. b7 Bxd6 32. Qxd6 Rf8 33. Qe6+ Kg7 34.
Qe5+ Kh6 35. Qb2 Rb8 36. e4 Qf7 37. Rb1 Qf3 38. Qd2+ g5 39. Qd4 1-0

[Event "110th ch-GBR 2024"]
[Site "Hull ENG"]
[Date "2024.07.28"]
[Round "2.12"]
[White "Rudd, Jack"]
[Black "Willow, Jonah B"]
[Result "1-0"]
[WhiteTitle "IM"]
[BlackTitle "IM"]
[WhiteElo "2243"]
[BlackElo "2416"]
[WhiteFideId "405736"]
[BlackFideId "438804"]
[EventDate "2024.07.27"]

1. d4 Nf6 2. c4 e6 3. Nf3 d5 4. cxd5 exd5 5. Nc3 c6 6. Bg5 h6 7. Bh4 Bf5 8. e3
Nbd7 9. Bd3 Bxd3 10. Qxd3 Bd6 11. O-O O-O 12. Rab1 Re8 13. b4 a6 14. Na4 Qc7 15.
Nc5 Ne4 16. Bg3 Bxg3 17. hxg3 h5 18. Rfc1 Nf8 19. a4 Nd6 20. Ne5 Qe7 21. b5 cxb5
22. Qb3 b6 23. Ncd3 Nc4 24. axb5 Nd2 25. Qxd5 Nxb1 26. Rxb1 a5 27. Nc6 Qd7 28.
Nf4 a4 29. Ra1 a3 30. Qxh5 a2 31. Qe2 Qf5 32. Qb2 Nd7 33. d5 Nf6 34. Rxa2 Rxa2
35. Qxa2 g5 36. Nd4 Qe5 37. Nf3 Qf5 38. Nd4 Qc8 39. Nfe2 Qc5 40. Qa7 Qb4 41. Qa1
Kg7 42. g4 Kg6 43. d6 Re4 44. Ng3 Rxg4 45. Ndf5 Rxg3 46. Nxg3 Qxb5 47. Qd1 Kg7
48. Nh5+ 1-0

[Event "110th ch-GBR 2024"]
[Site "Hull ENG"]
[Date "2024.07.28"]
[Round "2.14"]
[White "Han, Yichen"]
[Black "Toma, Katarzyna"]
[Result "1/2-1/2"]
[WhiteTitle "IM"]
[BlackTitle "WGM"]
[WhiteElo "2414"]
[BlackElo "2241"]
[WhiteFideId "1054430"]
[BlackFideId "1119907"]
[EventDate "2024.07.27"]

1. c4 e5 2. Nc3 Nc6 3. Nf3 f5 4. g3 Nf6 5. d4 e4 6. Nh4 d6 7. Ng2 g6 8. Bg5 Bg7
9. e3 Ne7 10. Nf4 h6 11. Bxf6 Bxf6 12. Ncd5 Nxd5 13. cxd5 Kf7 14. Rc1 Re8 15. h4
Bd7 16. Qb3 Rb8 17. Bb5 Re7 18. Bxd7 Qxd7 19. Ne6 Qc8 20. Kd2 c6 21. Rc2 g5 22.
Qa3 gxh4 23. gxh4 a6 24. Nf4 Qd7 25. Kc1 Ree8 26. dxc6 bxc6 27. Qxa6 Rec8 28.
Qe2 Rg8 29. Qc4+ Ke7 30. Qxc6 Qxc6 31. Rxc6 Kd7 32. Rc2 Rg4 33. Nd5 Bxh4 34.
Rc7+ Ke6 35. Nf4+ Rxf4 36. exf4 Bxf2 37. Rxh6+ Kd5 38. Rf7 e3 39. Rxf5+ Ke4 40.
Rff6 Kd3 41. Re6 Rc8+ 42. Kb1 d5 43. Re5 e2 44. Rh1 Rg8 45. Rg5 Rf8 46. Rxd5
Rxf4 47. Rc5 Be3 48. Rc3+ Kd2 49. Rc2+ Kd3 50. Rc3+ Kd2 1/2-1/2

[Event "110th ch-GBR 2024"]
[Site "Hull ENG"]
[Date "2024.07.28"]
[Round "2.19"]
[White "Merry, Alan B"]
[Black "Rathbone-Jones, Ifan"]
[Result "1-0"]
[WhiteTitle "IM"]
[WhiteElo "2423"]
[BlackElo "2014"]
[WhiteFideId "418811"]
[BlackFideId "1803859"]
[EventDate "2024.07.27"]

1. d4 Nf6 2. c4 c5 3. d5 d6 4. Nc3 g6 5. g3 Bg7 6. Bg2 Na6 7. Nf3 Nc7 8. O-O a6
9. a4 Rb8 10. a5 b5 11. axb6 Rxb6 12. h3 O-O 13. Qc2 Bd7 14. Ra3 Qc8 15. Kh2 Qb7
16. Nd2 Rb8 17. b3 h5 18. Bb2 Qc8 19. e4 e5 20. Ne2 h4 21. gxh4 Nh5 22. f4 Bh6
23. fxe5 Bxd2 24. Qxd2 Rxb3 25. Rxb3 Rxb3 26. Rf3 Rb4 27. exd6 Ne8 28. Qc3 f6
29. e5 Qb8 30. Ba3 fxe5 31. Bxb4 e4 32. Bxc5 exf3 33. Bxf3 Nxd6 34. Qe5 Qb3 35.
Bxh5 Qxh3+ 36. Kg1 Nf5 37. Qb8+ Kh7 38. Bxg6+ 1-0

[Event "110th ch-GBR 2024"]
[Site "Hull ENG"]
[Date "2024.07.28"]
[Round "2.20"]
[White "Lentzos, Ioanis"]
[Black "Adams, Michael"]
[Result "0-1"]
[BlackTitle "GM"]
[WhiteElo "2119"]
[BlackElo "2672"]
[WhiteFideId "4255470"]
[BlackFideId "400041"]
[EventDate "2024.07.27"]

1. d4 Nf6 2. c4 e6 3. Nf3 Bb4+ 4. Bd2 a5 5. a3 Be7 6. Nc3 d5 7. Bf4 c6 8. e3
Nbd7 9. c5 Nh5 10. Bd3 Nxf4 11. exf4 Qc7 12. g3 b6 13. b4 Ba6 14. Bxa6 Rxa6 15.
Qe2 Ra7 16. O-O g6 17. Rfc1 O-O 18. cxb6 Qxb6 19. b5 a4 20. Ng5 Bxg5 21. fxg5 c5
22. dxc5 Nxc5 23. Qe3 Rc8 24. Rab1 Rac7 25. Rd1 Nd7 26. Nxa4 Qxe3 27. fxe3 Ne5
28. Nb6 Rb8 29. Na4 Rc4 30. Nb2 Rc2 31. a4 Nf3+ 32. Kf1 Nxh2+ 33. Kg1 Nf3+ 34.
Kf1 Nd2+ 35. Ke1 Nxb1 36. Rxb1 Kf8 37. Kd1 Rc3 38. Kd2 Rb3 39. Kc2 Ra3 40. Rd1
Rc8+ 41. Kb1 Ke7 42. Rd4 Rxe3 43. b6 Rb3 44. a5 Ra8 45. Kc2 Rb5 46. Nd3 Raxa5
47. Ne5 Rxb6 48. Rf4 Ra2+ 49. Kc1 Re2 50. Rxf7+ Ke8 0-1

[Event "110th ch-GBR 2024"]
[Site "Hull ENG"]
[Date "2024.07.28"]
[Round "2.26"]
[White "Mannion, Stephen R"]
[Black "Palliser, Richard J D"]
[Result "1/2-1/2"]
[WhiteTitle "IM"]
[BlackTitle "IM"]
[WhiteElo "2139"]
[BlackElo "2369"]
[WhiteFideId "2400111"]
[BlackFideId "407372"]
[EventDate "2024.07.27"]

1. e4 c5 2. Nf3 d6 3. d4 cxd4 4. Nxd4 Nf6 5. Nc3 a6 6. f4 e5 7. Nf3 Nbd7 8. a4
Qc7 9. Bd3 Be7 10. O-O O-O 11. Kh1 Re8 12. f5 d5 13. exd5 Bb4 14. Ng5 Bxc3 15.
bxc3 e4 16. Be2 h6 17. Nh3 Qe5 18. Nf4 Qxc3 19. Ra3 Qc5 20. c4 Ne5 21. Rg3 Bxf5
22. Ba3 Qc8 23. Qd4 Kh7 24. Bd6 Ng6 25. Nxg6 fxg6 26. Be5 Qd8 1/2-1/2

[Event "110th ch-GBR 2024"]
[Site "Hull ENG"]
[Date "2024.07.28"]
[Round "2.41"]
[White "Badacsonyi, Stanley"]
[Black "Sooraj, M R"]
[Result "1-0"]
[WhiteTitle "CM"]
[WhiteElo "2178"]
[BlackElo "1999"]
[WhiteFideId "486973"]
[BlackFideId "35014730"]
[EventDate "2024.07.27"]

1. d4 f5 2. Bg5 h6 3. Bh4 g5 4. e3 Nf6 5. Bg3 Bg7 6. h4 d6 7. Bc4 e6 8. Ne2 Qe7
9. Nbc3 a6 10. a4 Nc6 11. hxg5 hxg5 12. Rxh8+ Bxh8 13. d5 exd5 14. Nxd5 Nxd5 15.
Qxd5 Bxb2 16. Rb1 Bf6 17. Kd2 Qg7 18. f4 Ne7 19. Qd3 gxf4 20. Bxf4 Qxg2 21. Rg1
Qc6 22. Nc3 Qc5 23. Nd5 Nxd5 24. Bxd5 Qb4+ 25. Ke2 Qxa4 26. Rg8+ Ke7 27. Bh6 Qb5
28. c4 Qb2+ 29. Kf3 Qe5 30. Bf4 Qa1 31. Kg2 a5 32. Qe2 Qc1 33. Qh5 Qd2+ 34. Kh3 1-0

[Event "110th ch-GBR 2024"]
[Site "Hull ENG"]
[Date "2024.07.28"]
[Round "2.43"]
[White "Bradbury, Neil H"]
[Black "Evans, Ruben"]
[Result "0-1"]
[WhiteTitle "IM"]
[WhiteElo "2153"]
[BlackElo "1954"]
[WhiteFideId "400513"]
[BlackFideId "472018"]
[EventDate "2024.07.27"]

1. d4 Nf6 2. c4 c5 3. d5 b5 4. cxb5 a6 5. bxa6 g6 6. Nc3 Bxa6 7. e4 Bxf1 8. Kxf1
d6 9. g3 Bg7 10. Kg2 O-O 11. Nf3 Nbd7 12. Qe2 Ng4 13. Nd2 Ngf6 14. a4 e6 15.
dxe6 fxe6 16. Nf3 Ng4 17. Rf1 Bxc3 18. bxc3 Qf6 19. Ng5 Nge5 20. f4 Nc6 21. Qc4
Rfe8 22. Rd1 Qe7 23. Qd3 Nf6 24. Qxd6 Qb7 25. Re1 Na5 26. Qd3 Rab8 27. Ba3 Red8
28. Qe2 Qc6 29. Kh3 Nb3 30. Rad1 h6 31. Rxd8+ Rxd8 32. Nf3 Qxa4 33. Bb2 c4 34.
Rd1 Rxd1 35. Qxd1 Qd7 36. Qxd7 Nxd7 37. Kg2 Ndc5 38. Ne5 Nd2 39. Nxg6 Nd3 40.
Ba3 Nxe4 41. Kf3 Nxc3 42. Ke3 Nb5 0-1

[Event "110th ch-GBR 2024"]
[Site "Hull ENG"]
[Date "2024.07.29"]
[Round "3.1"]
[White "Lutsko, Artem"]
[Black "Howell, David W L"]
[Result "0-1"]
[WhiteTitle "IM"]
[BlackTitle "GM"]
[WhiteElo "2414"]
[BlackElo "2675"]
[WhiteFideId "14188767"]
[BlackFideId "410608"]
[EventDate "2024.07.27"]

1. e4 c6 2. Nf3 d5 3. Nc3 dxe4 4. Nxe4 Nf6 5. Nxf6+ exf6 6. Bc4 Bd6 7. O-O O-O
8. d4 Bg4 9. h3 Bh5 10. g4 Bg6 11. Nh4 Bc7 12. Nxg6 hxg6 13. Kg2 Qd6 14. Rh1 Nd7
15. c3 Rae8 16. Qf3 Re7 17. a4 Nb6 18. b3 Qd7 19. a5 Nxc4 20. bxc4 Rfe8 21. Ba3
Re2 22. Bc5 b6 23. axb6 axb6 24. Bb4 R8e3 25. Qxe3 Rxe3 26. fxe3 c5 27. Ba3 Qe6
28. Rhe1 Qxc4 29. Kf3 f5 30. Bb2 Qd3 31. Re2 Bg3 32. gxf5 gxf5 33. Rg1 f4 34.
Bc1 f5 35. Rxg3 fxg3 36. Bd2 f4 37. h4 c4 38. Be1 Kf7 39. d5 Kf6 40. d6 Kf5 41.
Rd2 Qf1+ 0-1

[Event "110th ch-GBR 2024"]
[Site "Hull ENG"]
[Date "2024.07.29"]
[Round "3.3"]
[White "McShane, Luke J"]
[Black "Wadsworth, Matthew J"]
[Result "0-1"]
[WhiteTitle "GM"]
[BlackTitle "IM"]
[WhiteElo "2617"]
[BlackElo "2456"]
[WhiteFideId "404853"]
[BlackFideId "415804"]
[EventDate "2024.07.27"]

1. e4 c6 2. Nf3 d5 3. d3 dxe4 4. dxe4 Qxd1+ 5. Kxd1 Nf6 6. Nfd2 h5 7. h4 Be6 8.
f3 Nfd7 9. a4 b6 10. c3 g6 11. Kc2 Bh6 12. Na3 a5 13. Bc4 Bxc4 14. Naxc4 Na6 15.
Nb3 Bxc1 16. Rhxc1 O-O-O 17. e5 Kc7 18. e6 fxe6 19. Re1 Ndc5 20. Nbd2 Rd5 21.
Nf1 Rhd8 22. Ne5 R8d6 23. Re3 b5 24. b3 b4 25. c4 Rd4 26. g3 Rd8 27. Nxg6 Nxb3
28. Kxb3 Nc5+ 29. Ka2 Rxc4 30. Rae1 Nd3 31. Rxd3 Rxd3 32. Ne5 Ra3+ 33. Kb2 Rd4
34. Rc1 Kb7 35. Nc4 Rxf3 36. Nxa5+ Kb6 37. Nb3 Rf2+ 38. Rc2 Rxc2+ 39. Kxc2 Rc4+
40. Kb2 Rc3 41. Nfd2 Rxg3 42. Nc4+ Ka6 43. Nc5+ Ka7 44. Ne5 Rc3 45. Nxe6 Kb6 46.
Nd4 Ka5 47. Nexc6+ Kxa4 48. Nxe7 Rh3 49. Nef5 Rh2+ 50. Kb1 b3 51. Nf3 Rf2 52.
N3d4 Ka3 53. Nb5+ Kb4 54. Nbd4 Kc4 55. Kc1 Kd3 56. Kb1 Ke4 57. Kc1 Rxf5 0-1

[Event "110th ch-GBR 2024"]
[Site "Hull ENG"]
[Date "2024.07.29"]
[Round "3.4"]
[White "Royal, Shreyas"]
[Black "Hebden, Mark L"]
[Result "1-0"]
[WhiteTitle "IM"]
[BlackTitle "GM"]
[WhiteElo "2487"]
[BlackElo "2385"]
[WhiteFideId "448869"]
[BlackFideId "400084"]
[EventDate "2024.07.27"]

1. d4 Nf6 2. c4 g6 3. Nc3 Bg7 4. e4 d6 5. h3 O-O 6. Be3 a5 7. Nf3 Na6 8. Nd2 Nd7
9. Be2 e5 10. d5 f5 11. f3 Bh6 12. Bf2 Ndc5 13. h4 Bd7 14. g3 b6 15. O-O Qe7 16.
Kg2 Rf7 17. Nb3 Na4 18. Nb5 fxe4 19. fxe4 Raf8 20. Rb1 Rxf2+ 21. Rxf2 Bh3+ 22.
Kxh3 Rxf2 23. Qe1 Qf6 24. a3 Kh8 25. Nc1 N4c5 26. Nc3 Bxc1 27. Qxc1 Nxe4 28.
Nxe4 Qf5+ 29. Bg4 Qxe4 30. Qg1 Rd2 31. Qf1 1-0

[Event "110th ch-GBR 2024"]
[Site "Hull ENG"]
[Date "2024.07.29"]
[Round "3.5"]
[White "Gasanov, Eldar"]
[Black "Derakhshani, Borna"]
[Result "1/2-1/2"]
[WhiteTitle "GM"]
[BlackTitle "FM"]
[WhiteElo "2469"]
[BlackElo "2351"]
[WhiteFideId "14104466"]
[BlackFideId "12518450"]
[EventDate "2024.07.27"]

1. d4 Nf6 2. c4 e6 3. Nf3 b6 4. g3 Ba6 5. Qb3 d5 6. cxd5 exd5 7. Nc3 Be7 8. Bg2
O-O 9. O-O Bb7 10. Bf4 c6 11. Rad1 Nbd7 12. Rfe1 Nh5 13. Bc1 f5 14. e4 fxe4 15.
Nxe4 h6 16. Ne5 Nxe5 17. dxe5 Qe8 18. f4 Qf7 19. Nf2 Qe6 20. Bh3 Qf7 21. f5 g5
22. Ng4 Qh7 23. f6 Bc5+ 24. Kh1 Rae8 25. Qc3 Kh8 26. a3 a5 27. Qf3 Bc8 28. Rf1
Be6 29. Bg2 Qg6 30. Rfe1 Kg8 31. Qe2 Bf5 32. Qf3 Be6 33. Qe2 Bf5 34. Qf3 Be6 1/2-1/2

[Event "110th ch-GBR 2024"]
[Site "Hull ENG"]
[Date "2024.07.29"]
[Round "3.6"]
[White "Adams, Michael"]
[Black "Rudd, Jack"]
[Result "1-0"]
[WhiteTitle "GM"]
[BlackTitle "IM"]
[WhiteElo "2672"]
[BlackElo "2243"]
[WhiteFideId "400041"]
[BlackFideId "405736"]
[EventDate "2024.07.27"]

1. e4 c5 2. Nf3 e6 3. d4 cxd4 4. Nxd4 Nf6 5. Nc3 Nc6 6. Be2 Bb4 7. O-O Bxc3 8.
bxc3 Nxe4 9. Qd3 d5 10. Ba3 Qa5 11. Nb5 a6 12. Nd6+ Nxd6 13. Bxd6 Ne7 14. Bxe7
Kxe7 15. Qg3 Bd7 16. Qxg7 Rhg8 17. Qd4 Rac8 18. Rab1 Qxc3 19. Qh4+ Qf6 20. Qb4+
Ke8 21. Qxb7 Rxc2 22. Qb8+ Qd8 23. Bxa6 Rg4 24. h3 Ra4 25. Bd3 Rc8 26. Qe5 Qc7
27. Qh8+ Ke7 28. Qxh7 Rxa2 29. Qh4+ Ke8 30. Rb4 Qc3 31. Rg4 Bc6 32. Rg3 Ra4 33.
Qh6 Ke7 34. Bb5 Bxb5 35. Rxc3 Rxc3 36. Rb1 1-0

[Event "110th ch-GBR 2024"]
[Site "Hull ENG"]
[Date "2024.07.29"]
[Round "3.7"]
[White "Czopor, Maciej"]
[Black "Conquest, Stuart C"]
[Result "0-1"]
[WhiteTitle "FM"]
[BlackTitle "GM"]
[WhiteElo "2361"]
[BlackElo "2510"]
[WhiteFideId "21805431"]
[BlackFideId "400181"]
[EventDate "2024.07.27"]

1. e4 Nf6 2. e5 Nd5 3. d4 d6 4. c4 Nb6 5. f4 dxe5 6. fxe5 Bf5 7. Nc3 e6 8. Be3
Bb4 9. a3 Qh4+ 10. Bf2 Bxc3+ 11. bxc3 Qe4+ 12. Be2 Qxg2 13. Bf3 Qg6 14. Ne2 Nc6
15. c5 Nc4 16. Qa4 Nb2 17. Bxc6+ Kf8 18. Nf4 Qg4 19. Qb3 bxc6 20. Qxb2 Qxf4 21.
Qe2 Rb8 22. Qe3 Qxe3+ 23. Bxe3 Rb2 24. Bd2 Ke7 25. Ke2 g5 26. Rhg1 g4 27. Ke3 h5
28. Rg2 h4 29. Rag1 Ra2 30. Bc1 Ra1 31. Rb2 Kd7 32. Kf4 Rg8 33. Be3 Rxa3 34. Bd2
a5 35. Be1 Rh8 36. Kg5 h3 37. Bg3 Rxc3 38. Ra1 Rg8+ 39. Kh4 Rh8+ 40. Kg5 Ra8 41.
Rba2 a4 42. Ra3 Rc4 43. Bf2 Rb4 44. Kf6 Rg8 45. Rxa4 Rbb8 46. d5 Ke8 47. dxe6
Bxe6 48. Ra8 Rg6# 0-1

[Event "110th ch-GBR 2024"]
[Site "Hull ENG"]
[Date "2024.07.29"]
[Round "3.8"]
[White "Ghasi, Ameet K"]
[Black "Kalavannan, Koby"]
[Result "1-0"]
[WhiteTitle "IM"]
[BlackTitle "FM"]
[WhiteElo "2495"]
[BlackElo "2265"]
[WhiteFideId "409200"]
[BlackFideId "425753"]
[EventDate "2024.07.27"]

1. c4 c5 2. g3 g6 3. Bg2 Bg7 4. Nc3 Nc6 5. Nf3 d6 6. O-O e5 7. a3 a5 8. d3 Nge7
9. Rb1 O-O 10. Bd2 Rb8 11. Nb5 d5 12. cxd5 Nxd5 13. Qb3 Nde7 14. Qc2 b6 15. b4
axb4 16. axb4 Nd4 17. Nfxd4 cxd4 18. Bg5 f6 19. Bd2 Bb7 20. Bxb7 Rxb7 21. Rfc1
Qd7 22. Qa2+ Kh8 23. Qa6 Rfb8 24. Rc4 Bf8 25. Rbc1 Nd5 26. Qa4 h5 27. Rc6 h4 28.
Kg2 Bc5 29. Nxd4 exd4 30. bxc5 Ra7 31. Qb5 h3+ 32. Kf1 Nc7 33. Qxb6 Rxb6 34.
cxb6 Ra1 35. Rxc7 Rxc1+ 36. Bxc1 Qa4 37. Bd2 Qa1+ 38. Be1 Qa8 39. b7 1-0

[Event "110th ch-GBR 2024"]
[Site "Hull ENG"]
[Date "2024.07.29"]
[Round "3.10"]
[White "Williams, Simon K"]
[Black "Yao, Lan"]
[Result "1/2-1/2"]
[WhiteTitle "GM"]
[BlackTitle "WGM"]
[WhiteElo "2450"]
[BlackElo "2325"]
[WhiteFideId "404454"]
[BlackFideId "8610835"]
[EventDate "2024.07.27"]

1. d4 Nf6 2. Bf4 d5 3. e3 c5 4. Nd2 Nc6 5. c3 Qb6 6. Qb3 c4 7. Qc2 Bg4 8. b3
cxb3 9. axb3 Rc8 10. Ngf3 e6 11. Qb2 Be7 12. Bd3 O-O 13. O-O Bh5 14. Rab1 Bg6
15. Bxg6 hxg6 16. h3 Qd8 17. Ne5 Nxe5 18. Bxe5 Nd7 19. Bg3 f5 20. c4 g5 21. f3
Bf6 22. Qa3 f4 23. Bf2 Qb6 24. c5 Qc6 25. b4 fxe3 26. Qxe3 e5 27. Qb3 Kh8 28. b5
Qe6 29. Ne4 exd4 30. Nxf6 gxf6 31. Bxd4 Nxc5 32. Qc2 Ne4 33. Qe2 Nc5 34. Qa2 Nd3
35. Qxa7 Rf7 36. Qa2 Rfc7 37. Qd2 Nf4 38. Rb2 Qf5 39. Qe3 Kg7 40. Rd2 Kh6 41.
Kh2 Kg6 42. Kg1 Kf7 43. Re1 Kg6 44. b6 Rc1 45. Rxc1 Rxc1+ 46. Kh2 Qe6 47. Qxe6
Nxe6 48. Bf2 d4 1/2-1/2

[Event "110th ch-GBR 2024"]
[Site "Hull ENG"]
[Date "2024.07.29"]
[Round "3.11"]
[White "Balaji, Aaravamudhan"]
[Black "Merry, Alan B"]
[Result "1/2-1/2"]
[WhiteTitle "FM"]
[BlackTitle "IM"]
[WhiteElo "2316"]
[BlackElo "2423"]
[WhiteFideId "436224"]
[BlackFideId "418811"]
[EventDate "2024.07.27"]

1. d4 Nf6 2. c4 e6 3. Nc3 Bb4 4. e3 O-O 5. Bd3 d5 6. a3 Bxc3+ 7. bxc3 dxc4 8.
Bxc4 c5 9. Ne2 Qc7 10. Ba2 Nc6 11. Ng3 Rd8 12. O-O b6 13. Qe2 Bb7 14. Rd1 Rac8
15. Bb2 Na5 16. e4 Qc6 17. f3 Qa4 18. d5 exd5 19. Nf5 Qd7 20. Bc1 Ne8 21. Bg5 f6
22. Bf4 c4 23. Bb1 Qe6 24. Nd4 Qe7 25. Nf5 Qe6 26. Nd4 Qe7 27. Nf5 Qe6 28. Nd4
Qe7 1/2-1/2

[Event "110th ch-GBR 2024"]
[Site "Hull ENG"]
[Date "2024.07.29"]
[Round "3.12"]
[White "Hobson, Kenneth"]
[Black "Pert, Richard G"]
[Result "1/2-1/2"]
[WhiteTitle "CM"]
[BlackTitle "IM"]
[WhiteElo "2266"]
[BlackElo "2415"]
[WhiteFideId "480819"]
[BlackFideId "404748"]
[EventDate "2024.07.27"]

1. e4 c6 2. d4 d5 3. exd5 cxd5 4. Bd3 Nc6 5. c3 Qc7 6. h3 e5 7. dxe5 Nxe5 8. Bc2
Bd6 9. Nf3 Nxf3+ 10. Qxf3 Ne7 11. Be3 O-O 12. Nd2 Be6 13. Nb3 Ng6 14. Nd4 a6 15.
Qh5 Rae8 16. O-O Bc8 17. Bxg6 hxg6 18. Qxd5 Rd8 19. Qb3 Qe7 20. Rad1 Rfe8 21.
Rfe1 Bc7 22. Nf3 Be6 23. Qa4 Bd7 24. Qh4 Qxh4 25. Nxh4 Be6 26. a3 a5 27. Nf3 a4
28. Nd4 Bc4 29. Nf3 f6 30. Rd4 b5 31. Red1 Rxd4 32. Rxd4 Re7 33. Rd2 g5 34. Bc5
Re8 35. g3 Be6 36. Re2 Kf7 37. Nd4 Bc4 38. Rxe8 Kxe8 39. g4 Be5 40. Nf5 g6 41.
Ne3 Bf4 42. Nxc4 bxc4 43. Kg2 Bc1 44. Kf3 f5 45. Ke2 Kf7 46. Kd1 Bf4 47. Ke2 Bc1
48. Kd1 Bf4 49. Ke2 1/2-1/2